ბათუმის შოთა რუსთაველის სახელმწიფო უნივერსიტეტის ბიბლიოთეკა

დაფნისი და ქლოა : (ბიბ.ჩანაწერი № 55989)

000 -ლიდერი
ფიქსირებული სიგრძის საკონტროლო ველი 00886nam a2200229Ia 4500
001 - საკონტროლო ნომერი
საკონტროლო ველი 23088
003 - საკონტროლო ნომრის იდენტიფიკატორი
საკონტროლო ველი GE_BSU
005 - ბოლო ოპერაციის თარიღი და დრო
საკონტროლო ველი 20230707122908.0
008 - ფიქსირებული სიგრძის მონაცემთა ელემენტები - ზოგადი ინფორმაცია
ფიქსირებული სიგრძის საკონტროლო ველი 181216s1970||||ge |||||||||||||| ||geo||
040 ## - კატალოგიზაციის წყარო
Transcribing agency GE_BSU
041 ## - ენის კოდი
Language code of text/sound track or separate title geo
080 ## - უნივერსალური ათობითი კლასიფიკაციის ინდექსი
Universal Decimal Classification number 821.14'01-31ლ-83
100 ## - მთავარი ჩანაწერი - პიროვნების სახელი
Personal name ლონგე
9 (RLIN) 19195
245 ## - ცნობა სათაურის შესახებ
Title დაფნისი და ქლოა :
Remainder of title ბუკოლიკური რომანი /
Statement of responsibility, etc ლონგე ; ფრანგ. თარგმნა ირ. ქავჟარაძემ.
264 ## - წარმოების, გამოცემის, დისტრიბუციის და სხვა ცნობები
გამოცემის, წარმოების, დისტრიბუციის... ადგილი თბილისი :
გამოცემის, წარმოების, დისტრიბუციის... სახელწოდება ნაკადული,
გამოცემის, წარმოების, დისტრიბუციის... თარიღი 1970.
300 ## - ფიზიკური აღწერა
Extent 98 გვ. ;
Dimensions 16 სმ.
653 ## - INDEX TERM--UNCONTROLLED
Uncontrolled term დაფნისი და ქლოა
653 ## - INDEX TERM--UNCONTROLLED
Uncontrolled term ბუკოლიკური რომანი
700 ## - ADDED ENTRY--PERSONAL NAME
Personal name ქავჟარაძე, ირ.
Relator term მთარგმნელი
9 (RLIN) 19196
942 ## - ADDED ENTRY ELEMENTS (KOHA)
Koha item type წიგნი
Source of classification or shelving scheme
ეგზემპლარები
ჩამოწერის სტატუსი დაკარგული ეგზემპლარის სტატუსი კლასიფიკაციის წყარო ან თაროზე გაწყობის სქემა დაზიანების სტატუსი არ გაიცემა მუდმივი მდებარეობა (დაცვის ადგილი) ამჟამინდელი ადგილსამყოფელი თაროზე განთავსების ადგილი შეძენის თარიღი ღირებულება, შესყიდვის ნორმალური ფასი სრული შენახვის შიფრი შტრიხკოდი ბოლო ოპერაციის თარიღი ეგზემპლარის მიმდევრობითი ნომერი (კეტერი?) ფასის ძალაში შესვლის თარიღი ეგზემპლარის სახეობა საჯარო შენიშვნა
          ბათუმის შოთა რუსთაველის სახელმწიფო უნივერსიტეტის მთავარი ბიბლიოთეკა ბათუმის შოთა რუსთაველის სახელმწიფო უნივერსიტეტის მთავარი ბიბლიოთეკა წიგნსაცავი 2018-12-17 0.44 821.14'01-31ლ-83 58509 2018-12-17 58509 2018-12-17 წიგნი 0.44 ₾.